000 01176nac a22003137a 4500
001 BR8602964
003 BR-BrBNA
005 20240105120427.0
008 230509b bl.|||m| |||| 00| 0 por d
040 _aBR-BrBNA
_bpor
_cBiblioteca Nacional de Agricultura
072 _aE16
090 _a0180 BR8602964
100 1 _aMelo Filho, G.A. de
100 1 _aKruker, J.M.
110 1 _aUnidade de Execucao de Pesquisa de Ambito Estadual de Dourados, MS (Brasil)
245 1 _aCustos operacionais, fixos e totais da cultura do trigo, na regiao de Dourados, Mato Grosso do Sul, safra 1986 [Triticum aestivum]
246 1 _a[Operational, fixed and total costs of wheat crop in Dourados, Mato Grosso do Sul, Brazil, in 1986]
260 3 _aDourados, MS (Brasil):
_c1986.
300 _a10 p.
490 _aComunicado Tecnico - Unidade de Execucao de Pesquisa de Ambito Estadual de Dourados (Brazil)
_vno. 28
_xISSN 0100-8617
500 _a8 tables
650 _aTRIGO
650 _aCUSTO DE PRODUCAO
650 _aCUSTO OPERACIONAL
650 _aDOURADOS
650 _aMATO GROSSO DO SUL
909 _a202312
_bLúcia Elande
_c55
_dLúcia Elande
942 _2AGRIS
_n0
_cMS
999 _c279386
_d279386